Publication manual
Saved in:
| Corporate Authors: | , |
|---|---|
| Format: | Bog |
| Sprog: | engelsk |
| Udgivet: |
Washington, D.C
APA
2010
|
| Udgivelse: | 6a. ed |
| Fag: | |
| Tags: |
Tilføj Tag
Ingen Tags, Vær først til at tagge denne postø!
|
MARC
| LEADER | 00000cam a2200000 a 4500 | ||
|---|---|---|---|
| 001 | UCC7293 | ||
| 003 | CL-VaPUC | ||
| 008 | 190322e20100000us |||||||||||||||||eng|d | ||
| 020 | |a 9781433805615 | ||
| 082 | 0 | 4 | |a 808.06615 |b AME |2 21 |
| 110 | 2 | |a American Psychological Association |e author |9 601850 | |
| 710 | 2 | |a APA |e author |9 601851 | |
| 245 | 1 | 0 | |a Publication manual |
| 250 | |a 6a. ed | ||
| 300 | |a 272 p | ||
| 942 | |c BK | ||
| 945 | |d 20190322 14:57:00 |a dcastane | ||
| 260 | |a Washington, D.C |b APA |c 2010 | ||
| 650 | 7 | |a PUBLICACIONES |2 CL-VaPUC |9 396094 | |
| 650 | 0 | |a Técnicas de redacción |9 460283 | |
| 650 | 7 | |a NORMAS TECNICAS |2 CL-VaPUC |9 262712 | |
| 583 | |a last modification |c 20190322 14:57:00 |k Rodrigo Vera | ||
| 999 | |c 373977 |d 373975 | ||
| 952 | |0 0 |1 0 |3 erb |4 0 |6 808_066150000000000_AME_2010 |7 0 |8 R |9 492317 |a BIBEDU |b BIBEDU |i 5537282 |o 808.06615 AME 2010 |p 5537282 |r 2023-01-12 |w 2019-11-24 |y BK_R |z Catalogado en:20190322 |k MUS | ||